[Event "Ruhrgebiet Verbandsklasse Gruppe 1 1819"]
[Site "Nordrheinwestfalen"]
[Date "2019.03.24"]
[Round "8.8"]
[White "Dahlbeck, Mirko"]
[Black "Sievert, Leon"]
[Result "1-0"]
[WhiteElo "1785"]
[BlackElo "1683"]
[PlyCount "47"]
[EventDate "2018.09.23"]
[EventType "team-tourn"]
[EventRounds "9"]
[EventCountry "GER"]
[SourceTitle "EXT 2022"]
[Source "ChessBase"]
[SourceDate "2021.10.06"]
[SourceVersion "1"]
[SourceVersionDate "2021.10.06"]
[SourceQuality "1"]
[WhiteTeam "Annen Sport Union"]
[BlackTeam "Haltern"]
[WhiteTeamCountry "GER"]
[BlackTeamCountry "GER"]

1. e4 d5 2. exd5 Nf6 3. Bb5+ Bd7 4. Be2 Nxd5 5. d4 e6 6. c4 Nf6 7. Nf3 c5 8. Nc3 cxd4 9. Nxd4 Nc6 10. Ndb5 a6 11. Nd6+ Bxd6 12. Qxd6 Rc8 13. Bg5 Qc7 14. Qd2 Ne5 15. Rd1 Bc6 16. Rg1 Ke7 17. f4 Ng6 18. Qe3 h6 19. Bxf6+ gxf6 20. g3 Rcd8 21. Kf2 h5 22. Qc5+ Ke8 23. Ne4 Nxf4 24. Nxf6# 1-0

[Event "Ruhrgebiet Verbandsklasse Gruppe 1 1819"]
[Site "Nordrheinwestfalen"]
[Date "2018.12.02"]
[Round "4.8"]
[White "Jahrke, Lothar"]
[Black "Sievert, Leon"]
[Result "0-1"]
[WhiteElo "1743"]
[BlackElo "1683"]
[PlyCount "82"]
[EventDate "2018.09.23"]
[EventType "team-tourn"]
[EventRounds "9"]
[EventCountry "GER"]
[SourceTitle "EXT 2022"]
[Source "ChessBase"]
[SourceDate "2021.10.06"]
[SourceVersion "1"]
[SourceVersionDate "2021.10.06"]
[SourceQuality "1"]
[WhiteTeam "Steele/Kray Rochade II"]
[BlackTeam "Haltern"]
[WhiteTeamCountry "GER"]
[BlackTeamCountry "GER"]

1. e4 d5 2. exd5 Nf6 3. d4 Bg4 4. Nf3 Nxd5 5. h3 Bh5 6. Be2 e6 7. 0-0 Be7 8. c4 Nf6 9. Nc3 c6 10. Be3 0-0 11. Ne5 Bxe2 12. Qxe2 Nbd7 13. Rad1 Qc7 14. Bf4 Rfe8 15. Ne4 Qa5 16. a3 Rad8 17. Ng5 Nxe5 18. dxe5 Nd7 19. Qh5 Bxg5 20. Qxg5 f6 21. exf6 Qxg5 22. Bxg5 gxf6 23. Bh4 Kf7 24. Rd2 Ne5 25. Rxd8 Rxd8 26. b3 Rd2 27. f4 Nd3 28. Rb1 Nxf4 29. Bf2 e5 30. Bxa7 Rxg2+ 31. Kh1 Rg3 32. Rb2 Rxh3+ 33. Rh2 Rxh2+ 34. Kxh2 Kg6 35. b4 b5 36. cxb5 cxb5 37. a4 bxa4 38. b5 a3 39. b6 a2 40. b7 a1Q 41. b8Q Qa2+ 0-1